Prevýchova Echo

Bibliographic Details
Main Author: Podracká, Dana, 1954- (Author)
Format: Article
Language:Slovak
ISSN:1335-7786
Subjects:

MARC

LEADER 00000nab a2200000 a 4500
001 vtls000829213
003 SK-MaSNL
005 20260304104305.0
008 250429c2003 xo 0 slo
015 |a SNBRB2003/03-09167 
035 |a CLN000180868 
035 |a urn:nbn:sk:snk-aberkc 
035 |a (urnnbn)urn:nbn:sk:snk:ar-000bb9 
035 |a (uuid)166d9459-c550-4aea-97ba-68c31e720ae8 
040 |a SNKBUCL  |b slo  |c SNKBUCL  |e AACR2 
041 0 |a slo 
044 |a xo  |c SK 
080 |a 885.4-1  |2 1997 
100 1 |a Podracká, Dana,  |d 1954-  |4 aut  |9 212520 
245 1 0 |a Prevýchova Echo  |c Dana Podracká 
505 1 |a Srdcervúci čistý prameň -- Čítanie z Antigony bezdomovcom -- Útulok pre dva hlasy -- Život je rozhovor a sen, pán Heidegger -- Prevýchova Echo -- Cinknutie -- Milovanie s tebou je hlboká pieseň -- Durasová medzi morskými vtákmi -- Echo rozpráva v tranze -- Sprievodkyňa z Pasternakovho domu -- Cesta vyhladovanej duše -- Archa 
655 7 |a slovenská poézia  |2 snkbucl  |9 70444 
655 7 |a články z novín a časopisov  |2 snkbucl  |9 267496 
655 7 |a články z odboru literárna veda a krásna literatúra  |2 snkbucl  |9 770045 
773 0 |t Slovenské pohľady  |g Roč. 4+119, č. 3 (2003), s. 76-84  |x 1335-7786 
850 |a Slovenská národná knižnica 
852 |a Slovenská národná knižnica 
958 |a article27 
958 |a LX 
958 |a SK 
958 |a OND 
958 |a EUIPO 
992 |a RBX 
999 |c 2851234  |d 2853164